|
|
|
|
| LEADER |
01355nam a2200373 a 4500 |
| 001 |
15730 |
| 003 |
BD-DhAAL |
| 005 |
20141203101103.0 |
| 008 |
141203s2006 ii 000 1 eng d |
| 020 |
|
|
|a 8175811447
|
| 040 |
|
|
|a DLC
|c DLC
|d DLC
|d BD-DhAAL
|
| 082 |
0 |
0 |
|a 813/.3
|2 21
|
| 999 |
|
|
|c 33190
|d 33190
|
| 999 |
|
|
|c 33190
|
| 999 |
|
|
|c 3686
|
| 100 |
1 |
|
|a Hawthorne, Nathaniel,
|d 1804-1864.
|9 6130
|
| 245 |
1 |
4 |
|a The scarlet letter :
|c Nathaniel Hawthorne ; Suresh M.A.
|b a critical study
|
| 250 |
|
|
|a 24th ed.
|
| 260 |
|
|
|a New Delhi :
|b Rama Brothers,
|c 2006
|
| 300 |
|
|
|a xi, 160 p. ;
|c 18 cm.
|
| 541 |
1 |
|
|e 15730
|
| 650 |
|
0 |
|a Triangles (Interpersonal relations)
|v Fiction.
|9 6096
|
| 650 |
|
0 |
|a Illegitimate children
|v Fiction.
|9 6131
|
| 650 |
|
0 |
|a Women immigrants
|v Fiction.
|9 6060
|
| 650 |
|
0 |
|a Married women
|v Fiction.
|9 6099
|
| 650 |
|
0 |
|a Puritans
|v Fiction.
|9 6132
|
| 650 |
|
0 |
|a Adultery
|v Fiction.
|9 5765
|
| 650 |
|
0 |
|a Revenge
|v Fiction.
|9 6133
|
| 650 |
|
0 |
|a Clergy
|v Fiction.
|9 6134
|
| 651 |
|
0 |
|a Boston (Mass.)
|x History
|y Colonial period, ca. 1600-1775
|v Fiction.
|9 6135
|
| 700 |
|
|
|a Suresh M.A.
|9 6454
|
| 852 |
4 |
|
|a Ayesha Abed Library
|j General shelf
|
| 942 |
|
|
|2 ddc
|c BK
|
| 952 |
|
|
|0 0
|1 0
|2 ddc
|4 0
|6 813_300000000000000_HAW
|7 0
|9 44304
|a BRACUL
|b BRACUL
|c GEN
|d 2014-12-03
|l 1
|o 813.3 HAW
|p 3010015730
|r 2026-02-28
|s 2026-02-25
|t 1
|w 2014-12-03
|y BK
|x Koha Inventory 2020
|